000 00544nam a2200205Ia 4500
005 20260429112108.0
008 260429s9999||||xx |||||||||||||| ||und||
020 _a9781032278285
041 _aEnglish
082 _a343.4105
_bBON
100 _aBond, Patrick H.
245 0 _aRating valuation :
_bprinciples and practices /
_cPatrick H. Bond
250 _a5th ed.
260 _aLondon :
_bRoutledge,
_c2024.
300 _axxxviii, 487 p.; pbk
650 _a Rating
650 _aValuation
700 _a Brown, Peter K.
942 _cTB
999 _c52323
_d52323